000 00486nam a2200193Ia 4500
005 20250326123617.0
008 250326s9999 xx 000 0 und d
037 _aTextbook
040 _aFMSL
_beng
_cFMSL
041 _aeng
_2eng
084 _aB2817 K6
_qFMSL
100 _aBarnes R M
_9735615
245 0 _aWork sampling
_cBarnes R M
250 _a2
260 _aNY
_bNY, John Wiley
_c1966
300 _a280p
942 _cTB
_hB2817 K6
999 _c1270144
_d1270144